<The> Impact of Fee Income Share on EU Banks' Performance and Its Implications for Drivers of Banks' Business Model Changes

Hnacie sily zmien obchodného modelu banky. Vzťah medzi podielom na poplatkoch a províziách a výkonnosťou bánk z hľadiska ziskovosti, rizika a ziskovosti upravenej o riziko v Európskej únii. Obchodné stratégie bánk a makroekonomické faktory ako rozhodujúce determinanty výkonnosti bánk.

Salvato in:
Dettagli Bibliografici
Autore principale: Vozková, Karolína
Natura: Capitolo di libro
Lingua:inglese
Soggetti:
Tags: Aggiungi Tag
Nessun Tag, puoi essere il primo ad aggiungerne!!

MARC

LEADER 00000naa a2200000 4500
001 0263262
005 20210506101035.7
041 0 |a eng 
044 |a CZ 
245 1 0 |a <The> Impact of Fee Income Share on EU Banks' Performance and Its Implications for Drivers of Banks' Business Model Changes  |c Karolína Vozková 
520 |a Hnacie sily zmien obchodného modelu banky. Vzťah medzi podielom na poplatkoch a províziách a výkonnosťou bánk z hľadiska ziskovosti, rizika a ziskovosti upravenej o riziko v Európskej únii. Obchodné stratégie bánk a makroekonomické faktory ako rozhodujúce determinanty výkonnosti bánk. 
610 2 0 |a banky 
610 2 0 |a Európska únia 
610 2 0 |a poplatky 
610 2 0 |a príjmy 
610 2 0 |a provízie 
610 2 0 |a zisk 
610 2 0 |a riziko bankové 
610 2 0 |a modely obchodné 
100 1 |a Vozková, Karolína